[Event "Tan Chin Nam Cup 7th"]
[Site "Shanghai"]
[Date "2001.07.09"]
[Round "1"]
[White "Dreev, Alexey"]
[Black "Ye, Jiangchuan"]
[Result "0-1"]
[WhiteElo "2690"]
[BlackElo "2671"]
[Annotator "Hazai,L"]
[PlyCount "64"]
[EventDate "2001.07.09"]
[EventType "tourn"]
[EventRounds "9"]
[EventCountry "CHN"]
[EventCategory "16"]
[SourceTitle "CBM 085"]
[Source "ChessBase"]
[SourceDate "2001.11.13"]
[SourceVersion "1"]
[SourceVersionDate "2001.11.13"]
[SourceQuality "1"]

1. d4 {[%mdl 4]} Nf6 2. c4 g6 3. Nc3 Bg7 4. e4 d6 5. f3 O-O 6. Nge2 a6 7. Be3
Nc6 8. Qd2 Rb8 9. Nc1 (9. h4 {is the aggressive alternative with many sharp
tactical lines.}) 9... e5 10. d5 (10. Nb3 {is the other positional option.})
10... Nd4 11. N1e2 (11. Nb3 {is the other main alternative in order to get rid
of the strong centralized N.}) 11... Nxe2 (11... c5 {was also tried in several
games.}) 12. Bxe2 Nh5 {By far this looks the most aggressive continuation to
begin the fight on the >>.} (12... c5 {after exchanging the strong d4 N is
useless.} 13. dxc6 {White gets the better P structure.} bxc6 14. O-O Qe7 15.
Rfd1 {>< d6} Rd8 16. Rab1 {/\ b4 mobilizing the << P majority.} Be6 17. Bg5 {
The pin is nasty on the h4-d8 /^.} Qb7 18. b4 Qa7+ 19. Kh1 $14 {
Shushpanov-Solozhenkin, St.Petersburg 1992}) (12... Nd7 {is too passive.} 13.
O-O-O f5 14. h3 {/\ g4 exploiting the lack of the N on h5.} Nf6 (14... f4 15.
Bf2 {closes the >>, after which White slowly but surely prepares the advance
on the other flank.}) 15. g4 f4 16. Bf2 $16 {Klauser-Habibi, Zweisimmen 1993})
13. O-O-O (13. c5 Nf4 (13... Qh4+ {is rather useless, because the exchange of
Q helps only for White.} 14. Bf2 Qf4 15. Qxf4 Nxf4 16. Bf1 f5 17. g3 $14) (
13... f5 $5 {immediately deserves attention.}) 14. Bc4 f5 15. O-O Kh8 16. b4
Nh5 {retreating with the N doesn't look very healthy.} (16... g5 $5) 17. cxd6 {
There is no need to hurry with this exchange.} (17. a4 {immediately looked
better.}) 17... cxd6 18. a4 f4 19. Ba7 Ra8 20. Bf2 g5 21. Be2 Nf6 22. a5 g4 23.
Na4 g3 $1 {This is the typical positional P sacrifice in the King's Indian.
Black sacrifices a P in order to open up the position against the white K.} 24.
hxg3 Nh5 25. Qe1 fxg3 26. Bxg3 Nf4 $13 {Shushpanov-Shkliarenko, St.Petersburg
1992}) 13... f5 (13... Qe7 {leads to similar positions to the game.} 14. Kb1
Bd7 15. Rc1 f5 16. g3 Kh8 {1/2-1/2 Djukic-Sedlak, Subotica 2000}) 14. Kb1 (14.
c5 {White wants to grab the |^ on the <<.} Qe7 {+/= ECO} (14... b6 $143 {
gives White a huge space advantage after} 15. c6 Kh8 {Black hopes avoiding the
opening of the position.} 16. g3 f4 17. Bf2 Bf6 18. g4 {with a huge space
advantage on both flanks, but the breakthrough has to be found somewhere.} Ng7
19. h4 $16 {Ehlvest-A.Kuzmin, SU 1982 34/(719)}) (14... f4 $143 {is the
typical strategical mistake here. Black has to keep the tension on the >>,
closing it gives White free hand on the other flank.} 15. Bf2 Bf6 {/\ Bh4
exchanging the passive B.} 16. Rhf1 $1 {White has to avoid the exchange of the
dark-squared B.} Bh4 17. Bg1 $1 Kh8 18. Kb1 {and White's chances on the << are
more real than Black's on the other flank.} g5 19. Rc1 $16 {Kaufman-Morris,
USA 1979 27/669}) (14... Nf4 15. Bc4 $14 (15. Bf1 {is not so active.} Qe7 {
Black wants to force White making a decision on the c <->.} 16. cxd6 cxd6 {
Now White's space advantage on the << has been diminished.} 17. g3 Nh5 18. Bb6
Bd7 19. Be2 Nf6 20. Kb1 {finally the opened c <-> doesn' t work for White.}
Rbc8 $11 {Wiedenkeller-Veroczi, Banja Luka 1987})) 15. cxd6 cxd6 {Black has
forced the opening of the c <->.} 16. Bd3 b5 17. Kb1 Bd7 18. Ne2 {opening the
d2-a5 /^.} Qf7 19. Qb4 Qf6 20. exf5 a5 21. Qd2 gxf5 $13 {and Black has a
strong P [+], Lutsko-Fedorov, Minsk 1994.}) (14. g3 {Karpov} Qe7 (14... f4 $6 {
is again not necessary, Black has to find "normal" moves strengthening his
position.} 15. Bf2 fxg3 (15... Bh6 16. g4 $16) 16. hxg3 {Now Black has no real
play on the >>, and his N is outplaced.} Bd7 17. Rh2 ({or} 17. Rhg1 Rf7 18. Be3
Qf8 19. Kb1 $14) 17... Rf7 18. Rg1 Qf8 {(Nenashev-Kasimdzhanov, Namangan zt
2000 79/539)} 19. Kb1 $1 $14 {quietly preparing against Black's threats.} b5 $6
{now is repelled by} 20. cxb5 axb5 21. b4 $1 Rxf3 22. Bxf3 Qxf3 23. Qe3 $16) (
14... Bd7 {and all the others are worthy of consideration:}) (14... Qe8) (14...
Nf6)) 14... Bd7 (14... Nf4 {is premature.} 15. Bf1 b6 {This sort of passive
defence usually doesn't work in the King's Indian.} 16. g3 Nh5 17. Be2 (17.
exf5 {Karpov} gxf5 (17... Bxf5+ 18. Ka1 Bd7 19. Be2 $14) 18. f4 Nf6 19. Be2 $13
{blockading >< f5.}) 17... Nf6 (17... fxe4 18. Nxe4 {If White can hold >< e4,
he is clearly better.} Nf6 19. Bg5 Qe8 (19... Bf5 20. Bd3 Qe8 21. Bxf6 Bxf6 22.
h4 $16) 20. Bxf6 $1 $16 {leaves the strong e4 N unattended.}) 18. Bg5 Qe8 19.
Bd3 (19. h3 $6 Nh5 $1 $132 {exploiting the weakened dark squares.}) (19. Rdf1
$5 fxe4 $140 20. Bxf6 exf3 21. Bxg7 fxe2 22. Rxf8+ $18) 19... fxe4 20. Nxe4 (
20. Bxf6 {is met by the zwischenzug} exd3 $1 $10) 20... Nxe4 21. Bxe4 {and
White keeps >< e4 in his hand.} Bf5 22. Qe2 $1 $14 {Karpov-Cu.Hansen,
Groningen 1995 65/556}) (14... Rf7) (14... Qe7 $5 {looks more to the point,
for example:} 15. Rc1 {abandoning the pressure on the d <-> may allow c7-c5.}
Nf4 16. Bf1 c5 $1 {/\ Bd7, b5} 17. g3 Nh5 18. Bg5 Qf7 19. Bd3 Bd7 20. a4 {
Sad, but true.} Nf6 $13 {Nepomnishay-Fedorov, St Petersburg 1996}) 15. a3 {
White's play is too cautious.} (15. Bd3 Kh8 {This is always a useful move.} 16.
Rhg1 (16. Rhf1 $5 {Fedorov}) 16... Qe7 17. Bc2 Nf6 18. h3 (18. exf5 gxf5 19. g4
$6 {is not correct.} fxg4 20. fxg4 Nxg4 21. Bg5 Bf6 $17) 18... b5 $1 {Black
has to open the lines against the white K.} 19. cxb5 (19. g4 bxc4 20. Qe2 c5
$13) 19... axb5 20. g4 (20. b4 $6 Rfc8 {/\ c5}) 20... b4 21. Ne2 fxe4 22. fxe4
c5 23. dxc6 Bxc6 24. Qxd6 {Fedorov} (24. Bg5 $143 $6 Qa7 25. Bxf6 {White has
to give up the strong dark-squared B.} (25. Ng3 $2 Ra8) 25... Rxf6 26. Nc1 {
(Ibragimov-Fedorov, Sochi 71/597 1997)} (26. Rdf1 $6 b3 $1 27. axb3 Ra8 $40)
26... Rf2 $1 {Fedorov} 27. Qd3 $1 {is the best defence.} (27. Qe1 $6 Rc8 {
/\ Rc2}) (27. Qxd6 b3 $1 {This is a nice attacking move.} 28. axb3 (28. Nxb3
Rxc2 $1 29. Kxc2 Bxe4+ $19) (28. Bxb3 Bxe4+ 29. Ka1 Bc2 {/\ e4}) 28... Ra8 {
with nasty threats on the a <->.} 29. Qa3 Qb6 30. Qe7 Bf8 $5 (30... Rxc2 $5 $40
) 31. Qxe5+ Bg7 32. Qe7 Re8 $40) 27... Qa8 28. Rge1 Rd8 $13 {/\ d5}) 24... Qb7
{>< e4} 25. Ng3 b3 $5 {The same motif again!} 26. axb3 (26. Bxb3 Nxe4 $44)
26... Nxe4 27. Nxe4 Bxe4 28. Bxe4 Qxe4+ 29. Qd3 Qxd3+ 30. Rxd3 e4 31. Rd7 Rxb3
32. Bc1 $11 {and White can probably equalize the _|_.}) 15... Kh8 $1 {This is
a useful prophylaxis if the g <-> will be opened.} 16. Bd3 (16. g4 $2 fxg4 17.
fxg4 Nf4 $17) 16... Qe7 {Black has made all the important preparatory moves
keeping the tension on both flanks.} 17. Rc1 Nf4 18. Bc2 (18. Bxf4 exf4 {
Now the long /^ is opened, the King's Indian B is alive again!} 19. exf5 {
is strongly met by} gxf5 $1 {not giving the >< e4.} (19... Bxf5 $143 20. Bxf5
Rxf5 21. Rce1) 20. Rce1 Qf7 21. Ne2 b5 $40) 18... c5 19. dxc6 (19. exf5 {
is again met by} gxf5 $1 20. Bxf4 exf4 21. Qxf4 b5 $40 {<-> b}) (19. g3 Nh3 20.
exf5 gxf5 21. f4 b5 $40 {with an ideal attacking position for Black.}) 19...
bxc6 20. c5 (20. g3 Ne6) 20... d5 $1 21. Na4 ({Accepting the P leads to a
disaster after} 21. exd5 Nxd5 22. Nxd5 cxd5 23. Qxd5 Be6 24. Qd2 e4 $19) 21...
fxe4 22. fxe4 d4 23. Bxf4 exf4 24. Bd3 {White wants to blockade the position,
but Black has the better chances on the >>, and his ^^ is also strong.} Be6 25.
Nb6 f3 26. Bxa6 (26. gxf3 Rxf3 $17) 26... Qh4 27. gxf3 Rxf3 28. Rhe1 d3 $1 {
opening up the long /^} 29. Rf1 Rh3 30. Rf2 Rd8 31. Bc4 Bg4 32. Rf4 $4 {
This is a terrible mistake.} (32. b4 Be2 $17) 32... Rxh2 0-1

[Event "Moscow Aeroflot op"]
[Site "Moscow"]
[Date "2002.02.09"]
[Round "7"]
[White "Dreev, Alexey"]
[Black "Efimenko, Zahar"]
[Result "1-0"]
[WhiteElo "2683"]
[BlackElo "2546"]
[Annotator "Hazai,L"]
[PlyCount "51"]
[EventDate "2002.02.04"]
[EventType "swiss"]
[EventRounds "9"]
[EventCountry "RUS"]
[SourceTitle "CBM 088"]
[Source "ChessBase"]
[SourceDate "2002.03.21"]
[SourceVersion "1"]
[SourceVersionDate "2002.03.21"]
[SourceQuality "1"]

1. d4 Nf6 2. c4 g6 3. Nc3 Bg7 4. e4 d6 5. f3 O-O 6. Nge2 a6 7. Be3 Nc6 8. Qd2
Rb8 9. Rb1 {This is quiet positional system, White begins the play on the << .}
(9. h4 {/\ 0-0-0 is the aggressive approach.}) (9. Nc1 {is the other
positional main line.}) 9... b5 10. cxb5 axb5 11. b4 {fixing the target on ><
b5.} e5 12. d5 Ne7 {White is now at the crossroad.} 13. Ng3 {Here the N is far
from the battle on the <<, but makes the typical plan f7-f5 harder.} (13. Nc1 {
is the other plan activating the N on the <<.} Bd7 14. Nb3 (14. a4 bxa4 15. b5
Nh5 16. Bc4 f5 17. O-O f4 18. Bf2 g5 19. Nd3 g4 20. fxg4 Bxg4 $36 {
Sahu-Saravanan, New Delhi 2001}) 14... Nh5 {= ECO, but practice shows another
result these days.} 15. Bd3 {White has to finish his development as soon as
possible.} (15. Na5 {is nice, but slow.} f5 16. Bd3 fxe4 (16... Nf4 $5) (16...
Nf6 17. O-O fxe4 18. fxe4 Ng4 19. Bg5 c5 20. dxc6 Qb6+ 21. Kh1 Nxc6 (21... Nf2+
22. Rxf2 Rxf2 23. Qe1 Nxc6 24. Be3 $18) 22. Nd5 $18 {Haba-Babula, St.Mesto 1992
}) 17. fxe4 c6 18. dxc6 Nxc6 19. Nxc6 Bxc6 {and White's K remains in the
middle.} 20. Rf1 Qh4+ 21. g3 Qh3 22. Rb2 Nf6 23. Qg2 Qxg2 24. Rxg2 d5 25. exd5
{1/2-1/2 Haba-Bobras, Koszalin 1999}) 15... Nf4 16. O-O Nxd3 (16... f5 $5 {
immediately is worthy of consideration.}) 17. Qxd3 f5 18. Na5 f4 19. Ba7 Ra8
20. Bf2 {It seems, that White's chances on the << are more real, than Black's
dreams of an -> on the >>.} Qe8 21. Rfc1 g5 22. Rb2 Bf6 23. Nb1 Kh8 24. Rxc7
$16 {Haba-Raubal, Loosdorf op 1993}) 13... Bd7 14. Bd3 $5 {This is Dreev's
novelty, in comparision to the 14.Be2 lines there is an important difference,
the e2 square is vacated for other pieces.} (14. Be2 c6 {Black has to blow up
the [+] immediately.} 15. dxc6 (15. O-O $2 cxd5 16. exd5 Ne8 $15 {Knaak}) 15...
Bxc6 16. O-O d5 {Black is coming out of passivity blowing up White's [+].} 17.
exd5 (17. Bc5 Re8 (17... d4 $6 {- Savchenko-Fedorov, St.Petersburg 1996 CBM 52
[Knaak]}) 18. Rfc1 h5 19. Rc2 h4 20. exd5 Nfxd5 $11 {Alterman-Gavric, Pula 1990
}) 17... Nexd5 18. Bc5 Re8 (18... Nxc3 {deserves attention, for example:} 19.
Qxc3 Nd5 20. Qc2 Re8 21. Rfd1 (21. Ne4 Nf4) 21... Qc7 22. Ne4 f5 $13) (18...
Nf4 19. Qc2 Re8 20. Rfd1 $14) 19. Rfd1 Qc8 (19... Nxc3 {comes into
consideration again:} 20. Qxc3 Nd5 21. Qc2 {- 18...Nxc3}) 20. Nce4 (20. Nxd5
Bxd5 21. Rbc1 Qb7 $11) 20... Nxe4 21. Nxe4 Rd8 22. Rbc1 {(Khenkin-Balcerak,
Germany 2001 CBM 82)} Qc7 {was more to the point, for example:} 23. Bd6 Rxd6
24. Nxd6 Qxd6 25. Rxc6 Qxc6 26. Qxd5 Qc2 $11) (14. Rd1 h5 15. h4 Nc8 16. Be2
Nh7 17. Bf2 Kh8 18. Nf1 f5 19. exf5 gxf5 $13 {Kaspi-Roiz, Tel Aviv 2001}) 14...
c6 15. dxc6 Bxc6 16. O-O d5 17. Bc5 d4 (17... Re8 18. Qe2 $1 {is the real
difference attacking >< b5!} (18. a4 bxa4 19. b5 Bb7) (18. Rfd1 d4 {can be met
now by} (18... h5 19. Qe2 h4 20. Nf1 Nh5 21. g3 hxg3 22. hxg3) 19. Nce2 {
but is this a real difference?} Nd7 20. Bd6 Rb6 $13 {/\ Nc8}) 18... Qd7 19. a4
bxa4 20. b5 Ba8 21. Nxa4 $14) 18. Nce2 {Although White has achieved something
comparing to the 14.Be2 line, the situation is still far from clear.} Nd7 (
18... Rc8 19. Nc1 $1 {/\ Nb3} Nd7 20. Nb3 Nxc5 21. Nxc5 {and although Black
has eliminated the strong B, but now he has to face with a strong N.}) 19. Bd6
Rc8 20. f4 ({Playing on the << is not easy either:} 20. a4 bxa4 21. b5 Bb7 22.
Qb4 Re8) 20... f6 $2 {This seriously weakens the a2-g8 /^ which will be
exploited by a nice way.} (20... exf4 21. Qxf4 (21. Rxf4 Ne5 $1) 21... f5 $1 {
was the most active counterplay} 22. exf5 (22. Bxe7 Qxe7 23. exf5 Ne5 $132) {
with the point of an intermediate move} 22... Ne5 $1 23. Bxe5 (23. Bxe7 Qxe7 {
- 22.Bxe7}) 23... Qd5 24. Be4 Qxe5 $13) 21. a4 $1 {Now suddenly Black is in a
big trouble.} Nb6 (21... bxa4 22. b5 Bb7 23. Qb4 $18) 22. fxe5 fxe5 23. Qa2+
Bd5 {All other moves lose as well.} (23... Kh8 24. Rxf8+ Qxf8 25. Qe6 $18) 24.
Rxf8+ Bxf8 25. exd5 Qxd6 26. Ne4 1-0

[Event "EU-Cup 19th"]
[Site "Rethymno"]
[Date "2003.10.02"]
[Round "5.4"]
[White "Lautier, Joel"]
[Black "Smirin, Ilia"]
[Result "1/2-1/2"]
[WhiteElo "2677"]
[BlackElo "2656"]
[Annotator "Hazai,L"]
[PlyCount "42"]
[EventDate "2003.09.28"]
[EventType "team-swiss"]
[EventRounds "7"]
[EventCountry "GRE"]
[SourceTitle "CBM 098"]
[Source "ChessBase"]
[SourceDate "2004.02.03"]
[SourceVersion "1"]
[SourceVersionDate "2004.02.03"]
[SourceQuality "1"]
[WhiteTeam "Paris NAO"]
[BlackTeam "Kazan Ladya"]
[WhiteTeamCountry "FRA"]
[BlackTeamCountry "RUS"]

1. d4 Nf6 2. c4 g6 3. Nc3 Bg7 4. e4 d6 5. f3 O-O 6. Be3 Nc6 7. Nge2 a6 8. Qd2
Rb8 9. h4 h5 10. Nc1 e5 11. d5 Nd4 12. Nb3 c5 (12... Nxb3 13. axb3) 13. dxc6
bxc6 14. Nxd4 exd4 15. Bxd4 {The insertion of h4-h5 helps for Black in this
line connected with a positional P sacrifice.} Re8 $1 {/\ d5 blowing up
White's [+] is the real strategy here.} (15... c5 $143 $6 {closes the position
instead of opening it.} 16. Be3 Be6 17. b3 Ne8 18. Bh6 f5 19. Bxg7 Kxg7 20. Be2
Qf6 21. exf5 Bxf5 22. O-O-O Nc7 23. g4 $16 {Sakaev-Barcenilla, Doha 1993}) (
15... Be6 $143 $6 16. Be2 c5 (16... d5 17. exd5 cxd5 18. c5 $16) 17. Be3 Nd7
18. b3 Ne5 19. Rd1 {White has consolidated his position, Black's play on the
dark squares gives no real compensation.} Nc6 20. Bd3 Bd4 21. Ne2 Bxe3 22. Qxe3
Kg7 23. Bc2 a5 24. Qc3+ f6 25. Rd2 a4 26. O-O axb3 27. axb3 $16 {Bagirov-Lanka,
Riga 1991 51/(596)}) (15... Qa5 16. Rc1 (16. Rd1 c5 17. Be3 Rxb2 $2 {doesn't
work on account of} 18. Qxb2 Nxe4 19. fxe4 {(1-0 Campos-Rahal, Barcelona 1992)}
Bxc3+ 20. Bd2 $18) (16. Be2) 16... d5 (16... Be6 17. b3 Qb4 18. Be2 {and White
can finish his development without any problem.} a5 19. Qf4 Nd7 20. Bxg7 Kxg7
21. O-O Qc5+ 22. Kh2 $16 {Bischoff-Sznapik, Biel 1991}) (16... Re8 17. b3 $16)
17. cxd5 cxd5 18. Bxf6 Bxf6 19. Nxd5 Qxd2+ 20. Kxd2 Rxb2+ 21. Rc2 Rxc2+ 22.
Kxc2 Be5 {White is a P up, but the ^^ in an open position makes the
realization of the material advantage extremely difficult.} 23. Bc4 $14 {
Razuvaev-Uhlmann, Copenhagen 1991}) 16. Be2 (16. O-O-O Qa5 $1 {and with
opposite castled kings the loss of a P is not important.}) 16... d5 $1 (16...
Qa5 17. Rc1 Qb4 (17... d5 18. cxd5 cxd5 19. e5 Nd7 20. f4 {White can defend
his e5 P and blockade >< d4 successfully.} Nf8 21. O-O Ne6 22. Bf3 Nxd4 23.
Qxd4 Rb4 24. Qd2 Qb6+ 25. Rf2 $16 {Ibragimov-Zamora, Philadelphia op 1992}) (
17... Be6 18. b3 Rbc8 (18... Kh7 {/\ Bh6, but the exchange of the B helps also
for White.} 19. O-O Bh6 20. Be3 Qc5 (20... Bxe3+ 21. Qxe3 Qd8 {and Black has
nothing for the P.} 22. Rfd1 Qe7 23. Rd2 Red8 24. Rcd1 $16 {
Razuvaev-Gretarsson, Reykjavik op 1990}) 21. Bxc5 Bxd2 22. Bxd6 Bxc1 23. Rxc1 {
White has sacrificed an exchange, but he got two pawns, and a strong ^^ for it.
Besides, Black's P structure is also corrupted and the dark squares are weak.}
Rb7 24. Na4 Nd7 25. Kf2 f6 26. Rd1 Kg7 27. Bf4 $16 {Gheorghiu-Schaffner, Bern
op 1991}) 19. O-O d5 20. exd5 cxd5 21. Qf4 $1 Bf5 22. cxd5 $16 {Knaak-Thomas,
Badenweiler op 1990}) 18. b3 a5 {If this is the plan than White has nothing to
fear.} 19. O-O Ba6 20. Rfd1 Re6 21. Bf1 Kh7 22. Rc2 $16 {Spraggett-Sellos,
Cannes op 1993}) 17. e5 (17. exd5 cxd5 18. c5 {is strongly met by} Rb4 $1 {
which is the main idea of the whole variation undermining the blockading B's
position.}) (17. cxd5 Rb4 $5 {This is the critical line again.} (17... cxd5 18.
e5 {White has to close the [+], since he didn't finish his development.} (18.
exd5 $6 Nxd5 19. Bxg7 Kxg7 20. Rd1 Nxc3 21. Qxc3+ Qf6 22. Qxf6+ Kxf6 {and
Black has good drawing chances in the _|_.} 23. b3 a5 $11 {Adler-Bukic, Bled
1992}) 18... Nd7 19. f4 Bh6 (19... f6 20. e6 Rxe6 21. f5 $1 {ruining Black's P
structure on the >>.} gxf5 22. O-O $16) 20. Qe3 {White has to play carefully,
Black has many tactical threats.} (20. Be3 $2 Nxe5 $1) (20. Nxd5 Nxe5 $1) 20...
Rxb2 (20... Nxe5 21. Bxe5 f6 22. Bxf6 $1) 21. Rd1 $1 {This is a very important
preparatory move overprotecting the d4 B.} (21. O-O Nxe5 $1 22. Bxe5 Rxe5 23.
Qxe5 Bg7 24. Qxd5 Qb6+ 25. Kh1 Bxc3 $44) 21... Nf6 $1 (21... Nxe5 22. Bxe5 Rxe5
23. Qxe5 Bg7 24. Qe3 $16) 22. O-O (22. Qc1 {is effectively met by} Rxe2+ $1 23.
Nxe2 Bg4 24. Rd3 Bxe2 25. Kxe2 Qd7 $44 {and the K in the middle is vulnerable.}
) 22... Ng4 (22... Bg4 $6 23. Bf3 Bxf3 24. Qxf3 Ng4 25. Nxd5 Qxh4 26. Qh3 $16)
23. Qg3 (23. Bxg4 Bxg4 24. Rb1 Rxb1 25. Rxb1 Qd7 26. Rb6 Bf8 27. Rxa6 Rc8 $132)
23... Be6 24. Bxa6 $1 {Karpov's play is excellent in this game!} Qa5 25. Bd3
$14 {Karpov-Kindermann, Baden-Baden 1992 56/673}) 18. Bc5 (18. Bxf6 $143 $6 {
Babula} Bxf6 $44 {with a very strong ^^.}) (18. e5 $143 $6 {Babula} Nxd5 19.
Nxd5 Rxd4 $1 20. Qxd4 Rxe5 $5 (20... Bxe5 $36)) (18. Bf2 $5 {Babula's
suggestion deserves attention, for example:} cxd5 (18... Nxe4 19. fxe4 (19.
Nxe4 Rxb2 20. Qd1 cxd5 $40) 19... Bxc3 20. Qxc3 Rbxe4 21. O-O Rxe2 22. dxc6)
19. Rd1 Qa5) 18... Nxe4 19. fxe4 (19. Nxe4 $2 Rxb2 {/\ cd5->}) 19... Bxc3 20.
Qxc3 Rbxe4 21. O-O (21. O-O-O Rxe2 22. d6 (22. dxc6 $2 Qc7 $17 {Fattoumi-V.
Gurevich, Le Touquet 1995 65/(556)}) 22... Bf5 (22... Rxg2 23. Rhe1 $1 $44) 23.
Rhe1 (23. Rd2 Re1+ 24. Rd1 R1e2 25. Rd2 $11 {leads to a repetition of moves.})
23... Qxh4 24. Rxe2 Rxe2 25. d7 Qf4+ 26. Be3 Qxe3+ 27. Qxe3 Rc2+ {1/2:1/2
Ernst-Carlson, Stockholm 1995 65/(556)}) 21... Rxe2 22. dxc6 {Babula} (22. d6
$143 $6 Be6 {/\ Bd5}) (22. Rad1 $143 $2 cxd5 $15 {Rogozenko-Guliev, Russia
1993 58/638}) 22... Qxh4 $13 {Here we see the idea of 18.Bf2.}) 17... c5 (17...
Nd7 $1 {looks simpler.} 18. f4 c5 (18... Bh6 19. Be3 (19. cxd5 Nxe5 20. Bxe5
Rxe5) 19... Nxe5 20. fxe5 (20. cxd5 Ng4 21. dxc6 Qxd2+ 22. Bxd2 Rxb2) 20...
Bxe3 21. Qxe3 d4 22. Qd2 dxc3 23. Qxc3 Qc7 $11) 19. Bf2 d4 20. Ne4 Bh6 21. Ng5
f6) 18. Bxc5 (18. exf6 {deserves attention as well.} cxd4 19. fxg7 dxc3 20.
bxc3 Kxg7 (20... Qb6 $2 21. Qh6 Rxe2+ 22. Kxe2 Qb2+ 23. Kf1 Qxa1+ 24. Kf2 Rb2+
25. Kg3 $18) 21. cxd5 {White has two extra pawns, but his K is still in the
middle.} Qb6 22. Kf1 (22. Rd1 Bd7 $132) 22... Bf5 (22... Kg8 23. g3 Bf5 24. Rd1
) 23. g3 {and it is not easy to find a clear-cut solution for Black.} (23. Qd4+
Qxd4 24. cxd4 a5)) 18... Nd7 (18... Rxe5 19. Bd4 Re8 20. cxd5) 19. Bd6 Nxe5 {
This is a phantastic idea!} 20. Bxb8 Nxc4 21. Qc1 Bf5 {The position is
extremely sharp and the players didn't want to take a big risk.} (21... Bf5 22.
Bf4 {Black is a R down for the moment, but the position is extremely rich in
tactical motifs. Here You can see some illustrative lines.} Bd3 (22... d4 23.
Ne4 Nxb2 24. Qxb2 d3 25. Qd2 Bxe4 26. fxe4 Bxa1 (26... Rxe4 27. Rd1 $18) 27.
Qxd3 $18) (22... Qa5 23. Kf1 Nxb2 24. Qxb2 Bxc3 25. Qc1) (22... Qe7 23. Kf1 (
23. O-O Qc5+ 24. Kh1 Nxb2 25. Bd2 Bxc3 26. Bxc3 Rxe2 27. Re1)) 23. Kf1 Nxb2 (
23... Rxe2 24. Nxe2 Bxb2 25. Qd1 $18) (23... Bxe2+ 24. Nxe2 Bxb2 25. Qd1 (25.
Qe1 $2 d4 26. Rd1 d3 $17) 25... Be5 26. Bg5 (26. Qc1 Bb2) 26... f6 27. Qd3 Bxa1
28. Qxg6+ Kh8 29. Qxh5+ Kg8 30. Bh6 Re7 31. Rh3 {and suddenly White (!) has a
mating ->.}) 24. Bd2 Bxc3 (24... d4 25. Ne4 Bxe2+ 26. Kxe2 f5 27. Kf1 fxe4 28.
Qxb2 e3 29. Re1) 25. Bxd3 Bd4 26. Bg5 (26. Be2 $2 Rxe2 $1 27. Kxe2 Qe8+ $17)
26... Nxd3 27. Bxd8 Nxc1 28. Rxc1 Rxd8 29. Ke2 $16 {and the _|_ looks rather
one-sided.}) 1/2-1/2